[Event "IRI-ch U14"]
[Site "Chess.com INT"]
[Date "2021.01.16"]
[Round "3"]
[White "Parsaee, Amir Reza"]
[Black "Karimpour Talebi, Arman"]
[Result "1/2-1/2"]
[WhiteElo "1864"]
[BlackElo "1509"]
[PlyCount "136"]
[EventDate "2021.01.16"]
[EventType "swiss"]
[EventRounds "11"]
[EventCountry "IRI"]
[SourceTitle "EXT 2022"]
[Source "ChessBase"]
[SourceDate "2021.10.06"]
[SourceVersion "1"]
[SourceVersionDate "2021.10.06"]
[SourceQuality "1"]

1. d4 Nf6 2. Nf3 g6 3. Bg5 Bg7 4. e3 d5 5. c4 c6 6. Nc3 0-0 7. cxd5 cxd5 8. Bd3 a6 9. a4 Nc6 10. 0-0 Bf5 11. Bxf5 gxf5 12. Bxf6 Bxf6 13. Qb3 e6 14. Rac1 Qd7 15. Ne2 Rfc8 16. Nf4 Rc7 17. Nd3 Na5 18. Qa2 Rac8 19. Rc5 b6 20. Rxc7 Qxc7 21. b4 Nc4 22. Rc1 Qb8 23. Qe2 Nd6 24. Qe1 Rc4 25. Nfe5 Bxe5 26. Nxe5 Rxc1 27. Qxc1 Qc8 28. Qxc8+ Nxc8 29. Nd7 Kg7 30. Kf1 f6 31. Ke2 Kf7 32. Kd3 Ke7 33. Nb8 a5 34. bxa5 bxa5 35. Nc6+ Kd7 36. Nxa5 Nb6 37. Nb3 Nxa4 38. Nd2 Kd6 39. f4 Nb2+ 40. Ke2 Nc4 41. Nf3 Nb6 42. Nh4 Na4 43. Kf3 Nc3 44. g4 fxg4+ 45. Kxg4 Ke7 46. Ng2 Kf7 47. Ne1 Kg6 48. Nd3 Nd1 49. Kf3 Nc3 50. Nc5 Kf5 51. Nb7 Ne4 52. h4 Nd2+ 53. Ke2 Nc4 54. Kf2 Kg4 55. Nc5 e5 56. Nd7 exf4 57. exf4 Kxf4 58. Nxf6 Kf5 59. Nxd5 Ke4 60. Nf6+ Kxd4 61. Nxh7 Ke5 62. Kg3 Kf5 63. Ng5 Ne5 64. Nh3 Ng6 65. h5 Nf8 66. Kh4 Nh7 67. Nf2 Nf6 68. h6 Kg6 1/2-1/2

[Event "IRI-ch U14"]
[Site "Chess.com INT"]
[Date "2021.01.16"]
[Round "10"]
[White "Zeinali, Alireza"]
[Black "Parsaee, Amir Reza"]
[Result "0-1"]
[WhiteElo "1481"]
[BlackElo "1864"]
[PlyCount "116"]
[EventDate "2021.01.16"]
[EventType "swiss"]
[EventRounds "11"]
[EventCountry "IRI"]
[SourceTitle "EXT 2022"]
[Source "ChessBase"]
[SourceDate "2021.10.06"]
[SourceVersion "1"]
[SourceVersionDate "2021.10.06"]
[SourceQuality "1"]

1. e4 c5 2. Nf3 d6 3. d4 cxd4 4. Nxd4 Nf6 5. Nc3 a6 6. f3 e5 7. Nb3 Be6 8. Be3 Be7 9. Qd2 Nbd7 10. g4 0-0 11. h4 Nc5 12. 0-0-0 Nxb3+ 13. cxb3 Qa5 14. Kb1 Rfd8 15. Nd5 Qxd2 16. Rxd2 Nxd5 17. exd5 Bd7 18. Bd3 Rf8 19. Bf5 Bxf5+ 20. gxf5 Rfc8 21. h5 Bf6 22. Rg1 Re8 23. Rc1 e4 24. f4 Rec8 25. Rdc2 Rxc2 26. Rxc2 b5 27. Rc6 Be7 28. Rc7 Kf8 29. Kc2 Ke8 30. Kd2 Bf6 31. Kc2 Bd8 32. Rc6 Kd7 33. Bb6 Bf6 34. Rc7+ Ke8 35. Rc6 Kd7 36. Rc7+ Ke8 37. Rc6 Ke7 38. Rc7+ Kf8 39. Rc6 Be7 40. Kd2 g6 41. fxg6 hxg6 42. hxg6 f5 43. Bc7 Bf6 44. Bxd6+ Kg7 45. Be5 Bxe5 46. fxe5 Rd8 47. Rd6 Re8 48. Re6 Rxe6 49. dxe6 Kxg6 50. b4 f4 51. b3 Kg7 52. a4 Kf8 53. Ke2 Ke7 54. Kf2 Kxe6 55. Ke2 Kxe5 56. axb5 axb5 57. Kf2 Kd4 58. Ke2 Kc3 0-1

[Event "Mashhad Ferdowsi op 6th"]
[Site "Mashhad"]
[Date "2016.01.29"]
[Round "1"]
[White "Parsaee, Amir Reza"]
[Black "Mirzoev, Azer"]
[Result "0-1"]
[WhiteElo "1489"]
[BlackElo "2539"]
[PlyCount "118"]
[EventDate "2016.01.29"]
[EventType "swiss"]
[EventRounds "9"]
[EventCountry "IRI"]
[SourceTitle "CBM 170 Extra"]
[Source "ChessBase"]
[SourceDate "2016.02.25"]
[SourceVersion "1"]
[SourceVersionDate "2016.02.25"]
[SourceQuality "1"]

1. e4 Nf6 2. e5 Nd5 3. c4 Nb6 4. d4 d6 5. exd6 cxd6 6. Nc3 g6 7. Nf3 Bg7 8. Be2 Bg4 9. h3 Bxf3 10. Bxf3 Nc6 11. Be3 Nxc4 12. Bxc6+ bxc6 13. Qa4 Nb6 14. Qxc6+ Qd7 15. Qxd7+ Kxd7 16. 0-0 Rhc8 17. Rac1 Rc7 18. Nb5 Rb7 19. Nc3 Rc8 20. b3 Rbc7 21. Ne2 Rc2 22. Rxc2 Rxc2 23. Nc1 Nd5 24. a3 f5 25. g3 Nxe3 26. fxe3 Bh6 27. Nd3 Bxe3+ 28. Kh1 Bxd4 29. Nb4 Rc3 30. Rd1 e5 31. Nd5 Rxg3 32. Kh2 Rxb3 33. Nf6+ Ke6 34. Nxh7 f4 35. Ng5+ Kf5 36. Nf7 Rb2+ 37. Kh1 d5 38. Nd6+ Ke6 39. Ne8 Rb8 40. Nc7+ Kd6 41. Na6 Rb3 42. Kh2 Rxa3 43. Nb4 a5 44. Na6 Ra2+ 45. Kh1 Ra1 46. Rxa1 Bxa1 47. Kg2 e4 48. Kf2 d4 49. Ke2 d3+ 50. Kd2 f3 51. Ke3 Bd4+ 52. Kxd4 d2 53. Kxe4 d1Q 54. Kf4 f2 55. Kg5 Qh5+ 56. Kf6 f1R+ 57. Kg7 g5 58. Kg8 Qg6+ 59. Kh8 Rf8# 0-1